Statistics for Actors By Their Last Names #2

Click here to take the quiz!

General Stats

  • This quiz has been taken 119 times
  • The average score is 27 of 40

Answer Stats

HintAnswer% Correct
DeppJohnny
100%
ClooneyGeorge
99%
DiCaprioLeonardo
99%
GoslingRyan
93%
McConaugheyMatthew
92%
MendelsohnBen
90%
GyllenhaalJake
90%
CostnerKevin
90%
DieselVin
90%
RuffaloMark
89%
CumberbatchBenedict
88%
McKellenIan
87%
SelleckTom
83%
BanderasAntonio
82%
KutcherAshton
81%
McAvoyJames
76%
LaBeoufShia
74%
CheadleDon
72%
CavillHenry
71%
KilmerVal
71%
GrintRupert
70%
SnipesWesley
68%
LautnerTaylor
67%
MortensenViggo
67%
RennerJeremy
66%
BranaghKenneth
64%
SerkisAndy
59%
BanaEric
57%
TrejoDanny
47%
GambonMichael
47%
GalifianakisZach
47%
OlyphantTimothy
45%
ThewlisDavid
42%
HaringtonKit
41%
PatinkinMandy
37%
OffermanNick
37%
VentimigliaMilo
34%
ManganielloJoe
28%
PadaleckiJared
27%
EjioforChiwetel
23%

Score Distribution

Percentile by Number Answered

Percent of People with Each Score

Your Score History

You have not taken this quiz